书目信息 |
| 题名: |
省级主体功能区规划推进研究
|
|
| 作者: | 成为杰 著 | |
| 分册: | ||
| 出版信息: | 天津 天津人民出版社 2016.12 |
|
| 页数: | 215页 | |
| 开本: | 23cm | |
| 丛书名: | “区域治理与政府间关系”丛书 | |
| 单 册: | ||
| 中图分类: | TU982.2 | |
| 科图分类: | ||
| 主题词: | 区域规划--研究--中国 | |
| 电子资源: | ||
| ISBN: | 978-7-201-11191-9 | |
| 000 | 01310nam 2200289 450 | |
| 001 | 0400004050 | |
| 005 | 20171023114824.0 | |
| 010 | @a978-7-201-11191-9@dCNY45.00 | |
| 100 | @a20170427e2016 em y0chiy50 ea | |
| 101 | 0 | @achi |
| 102 | @aCN@b120000 | |
| 105 | @ay az 000yy | |
| 106 | @ar | |
| 200 | 1 | @a省级主体功能区规划推进研究@9sheng ji zhu ti gong neng qu gui hua tui jin yan jiu@dThe research on major function-oriented zone planning propulsion@f成为杰著@zeng |
| 210 | @a天津@c天津人民出版社@d2016.12 | |
| 215 | @a215页@d23cm | |
| 225 | 1 | @a“区域治理与政府间关系”丛书 |
| 314 | @a成为杰,男,山东人,毕业于南开大学周恩来政府管理学院政治学理论专业,获法学博士学位,现供职于中共浙江省委党校党史党建部。 | |
| 320 | @a有书目(第198-213页) | |
| 330 | @a本书围绕省级政府推进主体功能区规划问题展开研究,梳理了战略推进中可能面临的困难,将推进主体功能区规划的实施划分为地方自主、府际协调和中央主导三种模式,分别以广东、安徽、内蒙古三个省区作为典型案例加以说明,并对三种模式进行了比较、分析和展望。 | |
| 461 | 0 | @12001 @a“区域治理与政府间关系”丛书 |
| 510 | 1 | @aResearch on major function-oriented zone planning propulsion@zeng |
| 606 | 0 | @a区域规划@x研究@y中国 |
| 690 | @aTU982.2@v5 | |
| 701 | 0 | @a成为杰@9cheng wei jie@4著 |
| 801 | 0 | @aCN@b91MARC@c20171023 |
| 905 | @b1027816-20@dTU982.2@f5@e1087 | |
| 省级主体功能区规划推进研究=The research on major function-oriented zone planning propulsion/成为杰著.-天津:天津人民出版社,2016.12 |
| 215页;23cm.-(“区域治理与政府间关系”丛书) |
| ISBN 978-7-201-11191-9:CNY45.00 |
| 本书围绕省级政府推进主体功能区规划问题展开研究,梳理了战略推进中可能面临的困难,将推进主体功能区规划的实施划分为地方自主、府际协调和中央主导三种模式,分别以广东、安徽、内蒙古三个省区作为典型案例加以说明,并对三种模式进行了比较、分析和展望。 |
| ● |
| 相关链接 |
|
|
|
|
正题名:省级主体功能区规划推进研究
索取号:TU982.2/1087
 
预约/预借
| 序号 | 登录号 | 条形码 | 馆藏地/架位号 | 状态 | 备注 |
| 1 | 1027816 | 210278162 | 第二样本阅览室/ [索取号:TU982.2/1087] | 在馆 | |
| 2 | 1027817 | 210278171 | 第三借阅区/ [索取号:TU982.2/1087] | 在馆 | |
| 3 | 1027818 | 210278180 | 第三借阅区/ [索取号:TU982.2/1087] | 在馆 | |
| 4 | 1027819 | 210278199 | 密集书库-生命科学系/ [索取号:TU982.2/1087] | 在馆 | |
| 5 | 1027820 | 210278206 | 第三借阅区/ [索取号:TU982.2/1087] | 在馆 |